000 01861nam0a2200325 4500
001 RU\NLR\BIBL_A\011467887
005 20240921155405.0
010 _a9785929318917
_9100
021 _aRU
_b2017-53528
_94201
035 _a(RuMoRGB)008941351
035 _a(NLR Aleph) 011467887
090 _a11838837
_c11838837
100 _a20170907d2017 u y0rusy50 ca
101 0 _arus
102 _aRU
105 _ay zzzz0|||1yy
200 1 _aПрокурорский надзор
_eучебно-методическое пособие
_fТ. Г. Надточей, Л. П. Богдан, В. С. Калашников
_gМинистерство образования и науки Российской Федерации, Федеральное государственное бюджетное образовательное учреждение высшего образования "Забайкальский государственный университет"
210 _aЧита
_cЗабайкальский государственный университет
_d2017
215 _a121 с.
_d21
320 _aБиблиогр.: с. 114-121 (84 назв.), в конце разделов, тем. и в подстроч. примеч.
606 1 _aПрокурорский надзор
_jУчебно-методические пособия для высших учебных заведений
_yРоссийская Федерация
_92082635
_3RU\NLR\AUTH\661258662
686 _aХ629.12я73-14
_2rubbk
686 1 _aХ629.12я73
700 1 _aНадточей
_bТ. Г.
_gТатьяна Георгиевна
701 1 _aБогдан
_bЛ. П.
_gЛия Павловна
701 1 _aКалашников
_bВ. С.
_gВиктор Сергеевич
942 _cBOOK
980 _aNBR